00396nam a2200145Ia 4500008004100000040001900041041001200060082003000072100002200102245003500124260003700159300001100196650003300207850001000240131103s9999 xx 000 0 und d aLoreto College aEnglish a891.4309/JHAbLCLIB/35711 aJharis,Krishnadev aHindi KabyacKrishnadev Jharis aNew DelhibSarda Prakashanc1987 a244 p. aHindi Literature - Criticism aLCLIB